Movies Quiz

Random Movies or James Bond Quiz

Movie Titles Missing Bond Girls' Names Quiz Stats

 Plays Quiz not verified by Sporcle

Score 0/10 Timer 04:00
0 Plays Today
% Correct
Christmas Jones
65%
Honey Ryder
62.8%
Mary Goodnight
61.2%
Miranda Frost
58.2%
Strawberry Fields
57%
Tracy Bond
55.5%
Elektra King
51.9%
Paris Carver
50.4%
Tiffany Case
50.3%
May Day
50.1%

You're not logged in!

Compare scores with friends on all Sporcle quizzes.
OR
Log In

Show Comments

Extras

Top Quizzes Today


Score Distribution

Your Account Isn't Verified!

In order to create a playlist on Sporcle, you need to verify the email address you used during registration. Go to your Sporcle Settings to finish the process.

Report this User

Report this user for behavior that violates our Community Guidelines.

Details: